| 000 | 01613nab a22002657a 4500 | ||
|---|---|---|---|
| 999 |
_c6226 _d6226 |
||
| 003 | OSt | ||
| 005 | 20260126020005.0 | ||
| 008 | 190514b xxu||||| |||| 00| 0 spa d | ||
| 040 | _cPJ | ||
| 100 |
_96947 _aAvellaneda, María Pía |
||
| 245 | 1 | 0 |
_a Ampliando el modelo familiar como medio de protección de derechos / _b _cMaría Pía Avellaneda, Estefanía Pereyra. |
| 300 | _ap. 242-254 | ||
| 500 | _aCita: TR LALEY AR/DOC/2119/2024. | ||
| 505 | _aSumario: I. Derecho a vivir en familia. Enfoque de los derechos humanos de los niños, niñas y adolescentes.— II. Los NNyA en los procesos y el derecho a decidir.— III. Responsabilidad parental. Titularidad y ejercicio.— IV. Modelo de familia alternativo. Desdoblamiento del sistema de crianza.— V. El caso: "D. Y. C. M. s/ especiales (residual)".— VI. Análisis de la sentencia. Palabras finales. | ||
| 505 | _tFallo comentado: JFamilia y Sucesiones 1a Nom., Tucumán ~ 21/02/2024 ~ D. Y. C. M. s/ especiales (residual). JFamilia y Sucesiones 1a Nom., Tucumán ~ 21/02/2024 ~ D. Y. C. M. s/ especiales (residual). | ||
| 650 | 0 |
_9967 _aDERECHO DE FAMILIA |
|
| 650 | 0 |
_92741 _aDERECHOS DE LAS NIÑAS, NIÑOS Y ADOLESCENTES |
|
| 650 | 0 |
_91015 _aRESPONSABILIDAD PARENTAL |
|
| 650 | 0 |
_96744 _aCRIOPRESERVACIÓN DE EMBRIONES |
|
| 650 | 0 |
_94273 _aCONSENTIMIENTO INFORMADO |
|
| 650 | 0 |
_91057 _aJURISPRUDENCIA APLICABLE |
|
| 700 |
_96948 _aPereyra, Estefanía |
||
| 773 | 0 |
_02844 _93222 _dBuenos Aires : AbeledoPerrot, 1989- _tDerecho de familia. Revista Interdisciplinaria de doctrina y jurisprudencia. Octubre 2024-V. _z18511201 |
|
| 942 |
_2udc _cANA |
||